Principles and theories of education (Record no. 8431)

MARC details
000 -LEADER
fixed length control field 00552cam a2200217ua 4500
008 - FIXED-LENGTH DATA ELEMENTS--GENERAL INFORMATION
fixed length control field 150819n ii |||gr||||Z||||||eng
020 ## - INTERNATIONAL STANDARD BOOK NUMBER
International Standard Book Number 9788192010106
040 ## - CATALOGING SOURCE
Transcribing agency MAIN
041 ## - LANGUAGE CODE
-- eng
082 ## - DEWEY DECIMAL CLASSIFICATION NUMBER
Classification number 370
100 ## - MAIN ENTRY--PERSONAL NAME
Personal name Das, Phunu,
Relator term
245 1# - TITLE STATEMENT
Title Principles and theories of education
Statement of responsibility, etc. by Phunu Das
250 ## - EDITION STATEMENT
Edition statement Mod. & enl. ed.
260 ## - PUBLICATION, DISTRIBUTION, ETC.
Place of publication, distribution, etc. Guwahati:
Name of publisher, distributor, etc. Shanti prakashan,
Date of publication, distribution, etc. 2011.
300 ## - PHYSICAL DESCRIPTION
Extent 486p.
700 ## - ADDED ENTRY--PERSONAL NAME
Personal name Goswami, Sadhana,
Relator term
700 ## - ADDED ENTRY--PERSONAL NAME
Personal name Sarma, Nirupama,
Relator term
942 ## - ADDED ENTRY ELEMENTS (KOHA)
Koha item type Books
653 ## - INDEX TERM--UNCONTROLLED
Uncontrolled term Education
Holdings
Withdrawn status Lost status Damaged status Not for loan Home library Current library Shelving location Date acquired Total Checkouts Full call number Barcode Date last seen Date last checked out Copy number Price effective from Koha item type
        Central Library, Naharkatiya College Central Library, Naharkatiya College General Stacks 19/09/2020 1 370 | DAS 20680 26/11/2025 08/11/2025 1 19/09/2020 Books

Naharkatiya College © 2020. All rights reserved.

Powered By